Malaysia management cases

Bibliographic Details
Corporate Author: Malaysian Institute of Management
Format: Book
Published: Kuala Lumpur : MIM , 1987
Subjects:

MARC

LEADER 00000cam a2200000 7i4500
001 0000003852
002 000004151
005 20000330.0
020 |a 9679999602 
090 0 0 |a 658   |b MAL 
110 2 |a Malaysian Institute of Management 
245 0 0 |a Malaysia management cases 
255 |a Vol. 1 
260 |a Kuala Lumpur :   |b MIM ,   |c 1987 
300 |a 164 p. ;   |c 24 cm. 
650 0 0 |a Management science 
999 |a 037047   |b BUKU   |c PINJAMAN   |e PERPUSTAKAAN KOMUNITI PETALING JAYA